000 00492nam a2200181Ia 4500
003 GCL
008 140319s9999 xx 000 0 eng d
040 _aGCL /
_cGCL
082 0 4 _a920.71
_bM E
100 1 _aNAGUIB MAHFOUZ
245 1 0 _aECHOES OF AN AUTO BIOGRAPHY /
_cNAGUIB MAHFOUZ
700 1 _aDAVIS, DENY JOHNSON
260 _a[S.N] :
_bTHE AMERICAN UNIVERSITY IN CAIRO PRESS ،
_c1997
300 _a118 P
650 0 4 _aNAGUIB MAHFOUZ
650 0 4 _aAUTOBIOGRAPHY
942 _2ddc
_cBK
999 _c14732
_d14732